000 01059cab a2200385 4500
001 ABS48582
008 090401t1993 xxu||||| |||| 00| 0 eng d
035 _a(Sirsi) u67443
041 _aeng
245 _aCentrefolio : The North-West
260 _c1993
350 _a0
490 _aCSW - The Property Week
_v43(9) 27 May 1993, 27-67(13)
650 _aBLACKBURN
650 _aBLACKPOOL
650 _aBOLTON
650 _aCHESTER
650 _aINDUSTRIAL MARKET
650 _aLIVERPOOL
650 _aMANCHESTER
650 _aNORTH-WEST ENGLAND
650 _aOCCUPIER PROFILES
650 _aPROPERTY-COMMERCIAL PROPERTY-OFFICE PROPERTY-OFFICE PROPERTY MARKET
650 _aOLDHAM
650 _aOLYMPIC GAMES 2000
650 _aPRESTON
650 _aPROPERTY-COMMERCIAL PROPERTY-RETAIL PROPERTY-RETAIL PROPERTY MARKET
650 _aROAD TEST
650 _aSTOCKPORT
650 _aWARRINGTON
650 _aWREXHAM
690 _aPROPERTY-COMMERCIAL PROPERTY-COMMERCIAL PROPERTY MARKET
942 _n0
948 _c04/03/1997
999 _c42203
_d42203